Представление документа в формате MARC21

Поле Инд. ПП Название Значение
Тип записи a
Библиографический уровень a
001 Контрольный номер b8c00405f5fe49ccb836cc8f9bc15c34
005 Дата корректировки 20221206132356.4
041 0_ a Код языка текста rus
080 a Индекс УДК 004.4’236:004.514.64
097 b Оператор *Т*
100 1_ a Автор Великов Д.А.
245 10 a Заглавие Разработка приложения для визуального проектирования моделей в GPSS
b Продолж. заглавия статья
p Название части/ раздела - Текст : электронный
260 a Место издания Тверь
b Издательство ТвГТУ
520 0_ a Аннотация в статье рассматривается одна из проблем информационных технологий. Предлагается использование технологии визуального программирования для объединения универсальности и выразительной мощности языка моделирования GPSS, а также наглядности графического представления модели и удобства использования, присущих более современным системам. Приводятся описания процесса разработки программы и результаты ее тестирования.
653 0_ a Ключевые слова визуальное программирование, дискретно-событийное моделирование, GPSS
773 18 w Контрольный № источника ee5ee90ba01244638c9e028a88440eef
t Название источника Теоретические исследования и экспериментальные разработки студентов и аспирантов : материалы Всероссийской (национальной) научно-практической конференции, 2022 г., Тверь : в 2 частях / под редакцией Т.Б. Новиченковой
d Место и дата издания Тверь : Тверской государственный технический университет, 2022
g Прочая информация Ч. 1. - С. 88-92
773 18 z ISBN 978-5-7995-1232-3
901 t Тип документа a
905 a Дата создания записи 27.10.22
950 a Редактор записи вт